000 00891pam a2200301 a 4500
001 223
003 BD-RjUL
005 20211208233131.0
008 131113s1983 nyua b 001 0 eng
020 _a0471896055 (pbk.)
020 _a0471897353 (hard)
035 _a(BD-RjUL)237
040 _aDLC
_cDLC
_dDLC
_dBD-RjUL
_beng
041 _aeng
082 0 0 _a550.9
_216
_bFAI 1983
100 1 _aFaul, Henry.
_9669
245 1 0 _aIt began with a stone :
_ba history of geology from the Stone Age to the age of plate tectonis /
_cHenry Faul, Carol Faul.
260 _aNew York ;
_aSingapur:
_bJ. Wiley,
_cc1983.
300 _axvii, 270 p. :
_bill. ;
_c26 cm.
504 _aBibliography: p. 231-254.
504 _aIncludes index.
526 _bGeology & Mining.
650 0 _aGeology
_xHistory.
_9670
700 1 _aFaul, Carol.
_9671
942 _2ddc
_cBK
999 _c223
_d223